Theologia Moralis: decaloggalis et sacramentalis

Guardat en:
Dades bibliogràfiques
Autor principal: Sporer, Patritio (Autor)
Format: Llibre
Idioma:llatí
Publicat: Paderborn Ex Typographia Bonifaciana 1901
Edició:2a. ed
Matèries:
Etiquetes: Afegir etiqueta
Sense etiquetes, Sigues el primer a etiquetar aquest registre!

MARC

LEADER 00000cam a2200000 a 4500
001 UCD2270
003 CL-VaPUC
008 160421e19010000gw |||||||||||||||||lat|d
082 0 4 |a 241  |b SPO  |2 21 
100 0 |a Sporer, Patritio  |e author  |9 585582 
245 1 0 |a Theologia Moralis: decaloggalis et sacramentalis 
250 |a 2a. ed 
300 |a t 
942 |c BK 
945 |d 20160421 23:07:00  |a dcastane 
260 |a Paderborn  |b Ex Typographia Bonifaciana  |c 1901 
650 0 |a Teología moral   |9 256617 
650 0 |a Sacramentos   |9 257270 
583 |a last modification  |c 20160421 23:07:00  |k Rodrigo Vera 
999 |c 363433  |d 363431 
952 |0 0  |1 0  |3 erd  |4 0  |6 241_000000000000000_SPO_1901  |7 0  |8 X  |9 475762  |a BIBTEO  |b BIBTEO  |c TEO_FFR  |h t.1  |i 5225744  |o 241 SPO 1901  |p 5225744  |r 2024-01-18  |w 2019-11-24  |y BK_X  |z Catalogado en:20160421  |k OFM 
952 |0 0  |1 0  |3 erd  |4 0  |6 241_000000000000000_SPO_1901  |7 0  |8 X  |9 475763  |a BIBTEO  |b BIBTEO  |c TEO_FFR  |h t.2  |i 5225752  |o 241 SPO 1901  |p 5225752  |r 2024-01-18  |w 2019-11-24  |y BK_X  |z Catalogado en:20160421  |k OFM 
952 |0 0  |1 0  |3 erd  |4 0  |6 241_000000000000000_SPO_1901  |7 0  |8 X  |9 475764  |a BIBTEO  |b BIBTEO  |c TEO_FFR  |h t.3  |i 5225760  |o 241 SPO 1901  |p 5225760  |r 2024-01-18  |w 2019-11-24  |y BK_X  |z Catalogado en:20160421  |k OFM